000 03081cam a2200361 4500500
005 20260208001041.0
041 _afre
042 _adc
100 1 0 _aThoyer, Sophie
_eauthor
700 1 0 _aMorardet, Sylvie
_eauthor
700 1 0 _aRio, Patrick
_eauthor
700 1 0 _aGoodhue, Rachel
_eauthor
245 0 0 _aComparaison des procédures de décentralisation et de négociation de la gestion de l'eau en France et en Californie
260 _c2004.
500 _a23
520 _aRésuméLes procédures de décentralisation et de délégation de la gestion de l’eau sont comparées dans les cas californien et français pour mettre en évidence l’influence du système juridique des droits d’eau et de la participation des autorités publiques sur l’organisation des négociations et leur efficacité.On constate que le processus de négociation en Californie cherche à établir des compromis dans des situations de forte concurrence entre usagers de l’eau, alors qu’en France, il s’apparente plus à une procédure de concertation et de délégation. En Californie, les autorités publiques agissent comme un point de menace pour inciter les participants à trouver une solution. En France, l’intervention publique est plus directe puisqu’elle se charge d’établir de façon précise les règles de la négociation et se réserve le rôle de décideur en dernier ressort.
520 _aComparison of water management decentralisation and negotiation processes in France and CaliforniaThe objective of the paper is to highlight the main differences between the French and the Californian decentralisation and devolution procedures for water management: it shows that these differences are embedded in the nature of water rights and in the role that public authorities retain in the rule-making process. The Californian negotiations aim at finding an equilibrium compromise between competitive users in order to avoid litigation. The Californian state sets “credible threats” to force stakeholders to accept trade-offs and to reach a consensus. It uses the negotiation procedure as a non-market process to settle an efficient and sustainable agreement without having to find out about the true preferences of the agents. The French negotiation systemfocuses more on dialogue, consultation and conflict management. The state uses the negotiations as an information revelation device. Therefore its intervention is more direct and authoritative.
690 _abassin versant
690 _agestion concertée
690 _agestion de l'eau
690 _anégociation
690 _aparticipation
690 _arésolution de conflit
690 _aconflict resolution
690 _adevolution
690 _amanagement
690 _anegotiated
690 _anegotiation
690 _aparticipation
690 _awater management
786 0 _nNatures Sciences Sociétés | 12 | 1 | 2004-03-01 | p. 7-17 | 1240-1307
856 4 1 _uhttps://stm.cairn.info/revue-natures-sciences-societes-2004-1-page-7?lang=fr&redirect-ssocas=7080
999 _c1644117
_d1644117